جريمة نحوية : (رقم التسجيلة. 147385)

تفاصيل مارك
000 -الفاتح
عناصر البيانات ثابتة الطول 00838nam a22002297i 4500
005 - تاريخ ووقت آخر معاملة
حقل ضبط 20251108180011.0
008 - عناصر البيانات ثابتة الطول
عناصر البيانات ثابتة الطول 250721s2023 ua cr 000 0 ara d
020 ## - الترقيم الدولي المعياري للكتب (ردمك)
الترقيم الدولي المعياري للكتب (ردمك) 9789773567330
082 14 - رقم تصنيف ديوي العشري
رقم التصنيف 371.33
رقم المادة ق د ر
100 1# - مدخل رئيسي – اسم شخصي
الاسم الشخصي قدري، هاني
علاقة الشخص بالعمل/ دوره مؤلف.
245 10 - بيان العنوان
العنوان جريمة نحوية :
بقية العنوان مسرحية منصوبات الاسماء /
بيان المسؤولية تأليف هاني قدري ؛ رسوم محمد عطية.
264 31 - بيانات النشر، التوزيع…إلخ
مكان النشر، التوزيع...إلخ الجيزة :
اسم الناشر، الموزع...إلخ هلا للنشر و التوزيع،
تاريخ النشر، التوزيع...إلخ 2023.
300 ## - الوصف المادي
عدد الوحدات المكونة للوعاء 44 صفحة.
650 17 - مدخل إضافي بالموضوع - مصطلح موضوعي
مصطلح موضوعي أو اسم جغرافي كعنصر مدخل طرق التدريس.
650 17 - مدخل إضافي بالموضوع - مصطلح موضوعي
مصطلح موضوعي أو اسم جغرافي كعنصر مدخل اساليب التعليم.
650 17 - مدخل إضافي بالموضوع - مصطلح موضوعي
مصطلح موضوعي أو اسم جغرافي كعنصر مدخل المسرحيات
650 17 - مدخل إضافي بالموضوع - مصطلح موضوعي
مصطلح موضوعي أو اسم جغرافي كعنصر مدخل قواعد اللغة
653 ## - رأس موضوع – غير مقيد
المصطلح / رأس الموضوع غير المقيد اطفال مرحلة متوسطة(6-9)سنوات.
700 1# - مدخل إضافي - اسم شخصي
الاسم الشخصي عطية، محمد
علاقة الشخص بالعمل/ دوره رسام.
942 ## - بيانات إضافية (كوها)
نوع التنصيف Dewey Decimal Classification
نوع المادة (كوها) كتب
المقتنيات
حالة السحب حالة الفقدان مصدر التصنيف حالة التلف غير قابل للإعارة المكتبة الرئيسية المكتبة الحالية موقع الرف تاريخ التزويد الرقم المتسلسل Total Checkouts رقم الإستدعاء الباركود تاريخ آخر ظهور تاريخ الفاتورة نوع المادة (كوها)
    Dewey Decimal Classification     المكتبة المركزية المكتبة المركزية الأطفال 28/07/2025 1794921   ط / 371.33 / ق د ر PLD00516648 28/07/2025 28/07/2025 كتب
    Dewey Decimal Classification     مكتبة قتيبة للأطفال مكتبة قتيبة للأطفال الأطفال 11/05/2025 1794925   ط / 371.33 / ق د ر PLD00516796 28/07/2025 11/05/2025 كتب
    Dewey Decimal Classification     مكتبة البراءة للأطفال مكتبة البراءة للأطفال الأطفال 11/05/2025 1794930   ط / 371.33 / ق د ر PLD00516801 28/07/2025 11/05/2025 كتب
    Dewey Decimal Classification     مكتبة الراية الهاشمية للأطفال مكتبة الراية الهاشمية للأطفال الأطفال 11/05/2025 1794923   ط / 371.33 / ق د ر PLD00516794 28/07/2025 11/05/2025 كتب
    Dewey Decimal Classification     مكتبة الياسمين للأطفال مكتبة الياسمين للأطفال الأطفال 11/05/2025 1794924   ط / 371.33 / ق د ر PLD00516795 28/07/2025 11/05/2025 كتب
    Dewey Decimal Classification     مكتبة بدر الجديدة للأطفال مكتبة بدر الجديدة للأطفال الأطفال 11/05/2025 1794928   ط / 371.33 / ق د ر PLD00516799 28/07/2025 11/05/2025 كتب
    Dewey Decimal Classification     مكتبة بدر للأطفال مكتبة بدر للأطفال الأطفال 11/05/2025 1794927   ط / 371.33 / ق د ر PLD00516798 28/07/2025 11/05/2025 كتب
    Dewey Decimal Classification     مكتبة عدن للأطفال مكتبة عدن للأطفال الأطفال 11/05/2025 1794926   ط / 371.33 / ق د ر PLD00516797 28/07/2025 11/05/2025 كتب
    Dewey Decimal Classification     مكتبة مؤتة مكتبة مؤتة الأطفال 11/05/2025 1794922   ط / 371.33 / ق د ر PLD00516793 28/07/2025 11/05/2025 كتب
    Dewey Decimal Classification     مكتبة مرج الحمام مكتبة مرج الحمام الأطفال 11/05/2025 1794929   ط / 371.33 / ق د ر PLD00516800 28/07/2025 11/05/2025 كتب
Implemented & Customized by: BBB with SCIT (Smart Chains for Information Technology)

Powered by Koha